| 000 | 00783nam a2200253 a 4500 | ||
|---|---|---|---|
| 008 | |||
| 020 | _a0890069603 (cased) | ||
| 049 | _aMAIN | ||
| 090 |
_aHE7781 _bSHA |
||
| 100 | 1 | _aShaw, James. | |
| 245 | 1 | 0 |
_aTelecommunications deregulation / _cJames Shaw. |
| 260 |
_aBoston : _bArtech House, _cc1998. |
||
| 300 |
_axxi, 394 p. ; _c24 cm. |
||
| 440 | 0 | _aArtech House telecommunications library. | |
| 504 | _aIncludes bibliographical references. | ||
| 500 | _aIncludes index. | ||
| 650 | 0 |
_aTelecommunication _xDeregulation _zUnited States. |
|
| 650 | 0 |
_aTelecommunication policy _zUnited States. |
|
| 907 |
_a.b10084290 _b21-03-12 _c23-07-03 |
||
| 003 | |||
| 005 | 20230123133351.0 | ||
| 040 | _cNUST | ||
| 942 |
_cBOOKS _kHE7781 _mSHA |
||
| 999 |
_c147355 _d147355 |
||